000 nam a22 a 4500
999 _c122915
_d122915
003 BLK
005 20230105110727.0
008 180409b bul|||||r ||||||| ||bul||
010 _aKNG00128568000
040 _aBLK
041 _aBUL
_cBUL
080 _aВъзпитание у дома. Семейно възпитание
_b37.018.1
_z37.018.1
080 _aСемейна етика. Вж и 176 ; 343.3/.7 ; 347.6 ; 392
_b173
_z173
100 1 _aАтанасов, Жечо Господинов
_eпърви автор
_9364564
139 _aАтанасов, Жечо Господинов
_bА 93
245 1 0 _aКултурата в нашия дом и възпитанието на децата
_cЖечо Господинов Атанасов.
257 _aBGR
260 _aСофия
_bНар. просв.
_c1966
300 _a111 с.
_bс ил.
_c25 см
380 _a3
490 _aБиблиотека за родителите
_9205724
500 _a10 079 тир.
650 4 _aСемейно възпитание
_9263959
650 4 _aВъзпитание в семейството
_9242361
653 _aсемейно възпитание
852 _aЦб 39359
_bЦб
856 4 _qpdf
_i0.00
_ldisable
856 4 _qpdf
_i0.00
_ldisable
942 _cKNG
_n0
_s1
944 _aCR
_c09.03.2012
_l09.03.2012 - от С1,Р / 09.03.2012
_kНаталия_Медовщикова
944 _aED
_c2023-01-05
_l2023-01-05
_kир
999 _d122915
999 _d122915